000
00319 a2200121 4500
001
147074
040
_c
Escola São Tomás de Aquino
100
_a
CASTRO, Manuel Armas
240
1
0
_a
Vamos falar sobre...
_l
por
245
1
0
_a
Vamos falar sobre...
697
_a
Problemas de disciplina. Violência estudantil
942
_c
BK
999
_c
147074
_d
147074